| 000 | 004980000a22001930004500 | ||
|---|---|---|---|
| 001 | 003421 | ||
| 003 | MACL | ||
| 005 | 20150804160345.0 | ||
| 008 | 150804b xxu||||| |||| 00| 0 eng d | ||
| 040 |
_aMACL _cMACL |
||
| 041 | _aEnglish | ||
| 082 | _a370/BHA | ||
| 100 |
_aBhatnagar, S. _94703 |
||
| 245 |
_aDistance Education _bA System under Stress _cS. Bhatnagar |
||
| 260 |
_aNew Delhi _c1997 _bConcept Publishing Company, |
||
| 350 | _a400 | ||
| 650 |
_aEducation _94704 |
||
| 942 |
_k370 _cBK _2ddc |
||
| 999 |
_c15322 _d15322 |
||